Népzenei együttesek bemutatója
Elmentve itt :
| Szerző: | |
|---|---|
| Dokumentumtípus: | Cikk |
| Megjelent: |
1984-03-09
|
| Sorozat: | Délmagyarország
74 No. 58 |
| Kulcsszavak: | cigányzene, népi zenekar |
| Online Access: | http://dmarchiv.bibl.u-szeged.hu/121850 |
| LEADER | 00469nab a2200157 i 4500 | ||
|---|---|---|---|
| 001 | delm121850 | ||
| 005 | 20190910083155.0 | ||
| 008 | 190910s1984 hu o 0|| hun d | ||
| 040 | |a SZTE Délmagyarország Archívum |b hun | ||
| 041 | |a hun | ||
| 100 | 1 | |a Burkovics Ferenc | |
| 245 | 1 | 0 | |a Népzenei együttesek bemutatója |h [elektronikus dokumentum] / |c Burkovics Ferenc |
| 260 | |c 1984-03-09 | ||
| 300 | |a 5 | ||
| 490 | 0 | |a Délmagyarország |v 74 No. 58 | |
| 695 | |a cigányzene, népi zenekar | ||